000 00461nam a22001697a 4500
005 20251212121318.0
008 251212b |||||||| |||| 00| 0 eng d
040 _aMAIN
082 _a294.5922
_bV245V:V
100 _aVijay Laxmi
245 _aValmiki Ramayan ke gaun patr: Ek smikshatmak adhyayan
260 _bDepartment of Sanskrit, M D University, Rohtak
_c2024
300 _avii, 253
650 _aSanskrit
700 _aSaini, Sunita
942 _cTH
999 _c395172
_d395172